000 00688nam a2200217 a 4500
001 000020826
005 20240530073919.0
008 100818s2007 dr 000 f spa d
020 _a9789993458487
040 _aDO-SdBNP
_bspa
_cBNPHU
082 _aRD863.44
_bF363L
100 1 _aFernández, Bolívar
_943654
245 1 0 _aLaguna verde /
_cBolívar Fernández.
260 _aSanto Domingo :
_b[s.n.],
_c2007.
300 _a199 p. ;
_c22 cm.
500 _aIncluye datos biográficos del autor en la solapa de la cubierta.
590 _aInventariado, 2020 /LP
650 0 _aNovela dominicana
_9223
650 0 _aLiteratura dominicana.
_967
910 _aValidado. Control de calidad MFF
999 _c20330
_d20330